[Event "CEDIS Festival saha 2025 - 1. turnir"]
[Site "Podgorica"]
[Date "2025.03.28"]
[Round "1.1"]
[White "Djukanovic, Sreten"]
[Black "Sorochenkova, Margarita"]
[Result "1-0"]
[WhiteElo "2106"]
[BlackElo "1648"]
[PlyCount "79"]
[EventDate "2025.03.28"]
[EventType "swiss"]
[EventRounds "5"]
[EventCountry "MNE"]
[SourceDate "2025.03.29"]

1. d4 d5 2. c4 e6 3. Nc3 Nf6 4. Bg5 Be7 5. e3 O-O 6. Nf3 a6 7. cxd5 exd5 8. Bd3
c6 9. Qc2 h6 10. Bf4 Nbd7 11. O-O Re8 12. Rab1 Bb4 13. h3 Bxc3 14. Qxc3 Ne4 15.
Qc2 Ndf6 16. Ne5 Nd7 17. f3 Nxe5 18. Bxe5 Ng5 19. Rbe1 Bd7 20. b4 a5 21. a3
axb4 22. axb4 Qe7 23. h4 Ne6 24. Bg3 Ra7 25. Ra1 Rea8 26. Rxa7 Rxa7 27. Rb1 Nf8
28. Bf2 b5 29. Qc5 Qxc5 30. bxc5 Ra3 31. Bc2 Ne6 32. Kf1 Nd8 33. Ke1 Nb7 34. e4
dxe4 35. fxe4 f6 36. Kd1 Na5 37. d5 Nc4 38. Bb3 Ne5 39. dxc6+ Be6 40. Bxe6+ 1-0

[Event "CEDIS Festival saha 2025 - 1. turnir"]
[Site "Podgorica"]
[Date "2025.03.28"]
[Round "1.2"]
[White "Pavlovic, David"]
[Black "Zizic, Djordje"]
[Result "0-1"]
[WhiteElo "1630"]
[BlackElo "2023"]
[PlyCount "62"]
[EventDate "2025.03.28"]
[EventType "swiss"]
[EventRounds "5"]
[EventCountry "MNE"]
[SourceDate "2025.03.29"]

1. e4 c5 2. c3 Nf6 3. e5 Nd5 4. d4 cxd4 5. cxd4 d6 6. exd6 e6 7. Nf3 Bxd6 8.
Be2 Nc6 9. O-O O-O 10. Nc3 Nxc3 11. bxc3 b6 12. Be3 Bb7 13. h3 Rc8 14. Qd2 Qc7
15. Bb5 Ne7 16. Rac1 Bxf3 17. gxf3 Nf5 18. Be2 Qc6 19. c4 Ba3 20. Rb1 Rfd8 21.
Rb3 Be7 22. Rd1 h6 23. Qe1 Nh4 24. Bf4 Bd6 25. Bxd6 Qxd6 26. Qf1 Qf4 27. d5
exd5 28. Rxd5 Rxd5 29. cxd5 Qg5+ 30. Kh1 Rc1 31. Bd1 Rxd1 0-1

[Event "CEDIS Festival saha 2025 - 1. turnir"]
[Site "Podgorica"]
[Date "2025.03.28"]
[Round "1.3"]
[White "Abramovic, Dragoljub"]
[Black "Djendjinovic, Danilo"]
[Result "1/2-1/2"]
[WhiteElo "2001"]
[BlackElo "1620"]
[PlyCount "92"]
[EventDate "2025.03.28"]
[EventType "swiss"]
[EventRounds "5"]
[EventCountry "MNE"]
[SourceDate "2025.03.29"]

1. d4 d5 2. c4 c6 3. Qc2 Nf6 4. Nd2 e6 5. g3 Nbd7 6. Bg2 b6 7. Ngf3 Bd6 8. O-O
O-O 9. e4 dxe4 10. Ng5 Bb7 11. Ndxe4 Nxe4 12. Qxe4 Nf6 13. Qc2 h6 14. Nh3 Qe7
15. Re1 Rfd8 16. Bd2 Bb4 17. Bxb4 Qxb4 18. a3 Qe7 19. Rad1 Rd7 20. Nf4 Rad8 21.
Qc3 c5 22. d5 Qf8 23. Rd3 exd5 24. cxd5 Bxd5 25. Bh3 Rd6 26. Rde3 g5 27. Nd3 g4
28. Bf1 Bc6 29. Nf4 Nd5 30. Nxd5 Bxd5 31. Be2 Be6 32. Bc4 Bxc4 33. Qxc4 Qg7 34.
Qa4 Qd4 35. Qxa7 Qxb2 36. Re4 h5 37. Rf4 Rf6 38. Qe7 Rdd6 39. Re5 Rxf4 40. gxf4
Qd4 41. Rg5+ Rg6 42. Qe8+ Kg7 43. Rxh5 Qd1+ 44. Kg2 Qf3+ 45. Kg1 Qd1+ 46. Kg2
Qf3+ 1/2-1/2

[Event "CEDIS Festival saha 2025 - 1. turnir"]
[Site "Podgorica"]
[Date "2025.03.28"]
[Round "1.4"]
[White "Mitrovic, Danilo"]
[Black "Felde, Bence"]
[Result "0-1"]
[WhiteElo "1593"]
[BlackElo "1992"]
[PlyCount "62"]
[EventDate "2025.03.28"]
[EventType "swiss"]
[EventRounds "5"]
[EventCountry "MNE"]
[SourceDate "2025.03.29"]

1. e4 e6 2. d4 d5 3. Nc3 h6 4. e5 c5 5. Nf3 Nc6 6. Be3 cxd4 7. Bxd4 Nge7 8. Bd3
Nf5 9. Bxf5 exf5 10. a3 Be6 11. Qd3 Rc8 12. Qb5 Qd7 13. h4 a6 14. Qa4 Be7 15.
g3 O-O 16. Bb6 Bd8 17. Bxd8 Rfxd8 18. O-O d4 19. Rad1 f4 20. Rfe1 Bg4 21. Rd3
Bxf3 22. Rxf3 dxc3 23. Rxc3 f3 24. Kh2 Qd2 25. Rf1 Qe2 26. Kg1 Rd1 27. Rxd1
Qxd1+ 28. Kh2 Qe2 29. Kg1 Qe1+ 30. Kh2 Qxf2+ 31. Kh3 Qg2+ 0-1

[Event "CEDIS Festival saha 2025 - 1. turnir"]
[Site "Podgorica"]
[Date "2025.03.28"]
[Round "1.5"]
[White "Bujisic, Milos"]
[Black "Markovic, Janko"]
[Result "1-0"]
[WhiteElo "1974"]
[BlackElo "1496"]
[PlyCount "53"]
[EventDate "2025.03.28"]
[EventType "swiss"]
[EventRounds "5"]
[EventCountry "MNE"]
[SourceDate "2025.03.29"]

1. e4 e6 2. c4 d5 3. cxd5 exd5 4. exd5 Qxd5 5. Nc3 Qd8 6. a3 Nc6 7. h3 Be7 8.
Nf3 Nf6 9. d4 Be6 10. Bb5 a6 11. Bxc6+ bxc6 12. Ne5 Bd5 13. O-O O-O 14. Qa4 Qd6
15. Bf4 Nh5 16. Bh2 Rab8 17. b4 Nf6 18. Rfe1 Rb6 19. Ng6 Qd7 20. Rxe7 Qc8 21.
Rxc7 Qd8 22. Nxf8 Kxf8 23. Qa5 Rb8 24. Nxd5 Nxd5 25. Qc5+ Kg8 26. Rxc6 Ra8 27.
Rd6 1-0

[Event "CEDIS Festival saha 2025 - 1. turnir"]
[Site "Podgorica"]
[Date "2025.03.28"]
[Round "1.6"]
[White "Stanic, Stefan"]
[Black "Sijaric, Alvir"]
[Result "0-1"]
[WhiteElo "1471"]
[BlackElo "1971"]
[PlyCount "82"]
[EventDate "2025.03.28"]
[EventType "swiss"]
[EventRounds "5"]
[EventCountry "MNE"]
[SourceDate "2025.03.29"]

1. e4 d5 2. exd5 Nf6 3. Nc3 Nxd5 4. Nxd5 Qxd5 5. Nf3 Bg4 6. Be2 e6 7. d4 Be7 8.
O-O O-O 9. Re1 Rd8 10. c3 c5 11. dxc5 Qxc5 12. Be3 Rxd1 13. Bxc5 Rxa1 14. Rxa1
Bxc5 15. h3 Bxf3 16. Bxf3 Nc6 17. b4 Bd6 18. Rd1 Rd8 19. a4 Be5 20. Rc1 Rd3 21.
b5 Na5 22. Kf1 Kf8 23. Ke2 Rxc3 24. Rxc3 Bxc3 25. Be4 f5 26. Bb1 Ke7 27. Kd3
Bb4 28. Ba2 Kd6 29. Kd4 Bc5+ 30. Kd3 Bxf2 31. g4 g6 32. gxf5 gxf5 33. Ke2 Bh4
34. Kf3 h6 35. Ke3 b6 36. Bb1 Nb3 37. Bc2 Bg5+ 38. Kf2 Nc5 39. Bxf5 exf5 40.
Kf3 Nxa4 41. Kg3 Nc3 0-1

[Event "CEDIS Festival saha 2025 - 1. turnir"]
[Site "Podgorica"]
[Date "2025.03.28"]
[Round "1.7"]
[White "Vesovic, Nebojsa"]
[Black "Sorochenkov, Alexander"]
[Result "1/2-1/2"]
[WhiteElo "1812"]
[BlackElo "1435"]
[PlyCount "72"]
[EventDate "2025.03.28"]
[EventType "swiss"]
[EventRounds "5"]
[EventCountry "MNE"]
[SourceDate "2025.03.29"]

1. Nf3 d5 2. d4 Nf6 3. g3 Bf5 4. Bg2 e6 5. O-O Bd6 6. c4 c6 7. Nc3 O-O 8. a3 a5
9. Re1 Be4 10. Qb3 Qc7 11. c5 Be7 12. Bf4 Qc8 13. Na4 Nbd7 14. h3 Nh5 15. Bd2
Nhf6 16. Rac1 Re8 17. g4 Kh8 18. Bf4 Bd8 19. Nc3 Bxf3 20. Bxf3 Bc7 21. Bxc7
Qxc7 22. g5 Ng8 23. e3 e5 24. Bg4 e4 25. Na4 Rab8 26. Qd1 Ne7 27. Kg2 Ng6 28.
Rh1 Qd8 29. Bxd7 Qxd7 30. Qg4 Qxg4+ 31. hxg4 Ra8 32. Kg3 Kg8 33. Rh3 Nf8 34.
Rch1 Re6 35. Nc3 Re7 36. Na4 Rb8 1/2-1/2

[Event "CEDIS Festival saha 2025 - 1. turnir"]
[Site "Podgorica"]
[Date "2025.03.29"]
[Round "2.2"]
[White "Zizic, Djordje"]
[Black "Vujadinovic, Zeljko"]
[Result "1-0"]
[WhiteElo "2023"]
[BlackElo "1803"]
[PlyCount "57"]
[EventDate "2025.03.28"]
[EventType "swiss"]
[EventRounds "5"]
[EventCountry "MNE"]
[SourceDate "2025.03.29"]

1. e4 b6 2. d4 d6 3. Nc3 Bb7 4. Be3 Nf6 5. Bd3 e6 6. Qe2 Be7 7. O-O-O Qc8 8. f4
a6 9. Nf3 b5 10. Bd2 c5 11. e5 c4 12. exf6 cxd3 13. fxg7 Rg8 14. Qxd3 Rxg7 15.
g3 f5 16. a3 Bf6 17. Rhe1 Re7 18. Ng5 b4 19. axb4 h6 20. Nxe6 Rxe6 21. Rxe6+
Kf7 22. Rde1 Qxe6 23. Rxe6 Kxe6 24. d5+ Ke7 25. Qxf5 Nd7 26. Qe6+ Kd8 27. Ne4
Be7 28. Nxd6 Bxd6 29. Qxd6 1-0

[Event "CEDIS Festival saha 2025 - 1. turnir"]
[Site "Podgorica"]
[Date "2025.03.29"]
[Round "2.3"]
[White "Felde, Bence"]
[Black "Lakusic, Zoran"]
[Result "1/2-1/2"]
[WhiteElo "1992"]
[BlackElo "1737"]
[PlyCount "87"]
[EventDate "2025.03.28"]
[EventType "swiss"]
[EventRounds "5"]
[EventCountry "MNE"]
[SourceDate "2025.03.29"]

1. d4 Nf6 2. c4 e6 3. Nc3 d5 4. Nf3 c5 5. Bg5 cxd4 6. Nxd4 Be7 7. g3 O-O 8. Bg2
dxc4 9. O-O a6 10. a4 Ng4 11. Bxe7 Qxe7 12. Qc2 e5 13. Nd5 Qc5 14. Nb3 Qd6 15.
Qxc4 Be6 16. Rad1 Nc6 17. Nc5 Na5 18. Qb4 Nc6 19. Qb6 Bxd5 20. Rxd5 Qh6 21. h3
Nf6 22. Rd6 Nd4 23. Ne4 Nxe2+ 24. Kh1 Nd4 25. Nxf6+ gxf6 26. Rxf6 Qg7 27. Bxb7
Rab8 28. Qxa6 Rxb7 29. Qxb7 Qxf6 30. Kg2 Qc6+ 31. Qxc6 Nxc6 32. Rc1 Nd4 33. b4
Ra8 34. a5 Rb8 35. a6 Ra8 36. Ra1 Kf8 37. Ra5 Nb3 38. Ra3 Nd4 39. Ra5 Nb3 40.
Ra4 Nd4 41. Ra5 Nb3 42. Ra3 Nd4 43. Ra5 Nb3 44. Ra4 1/2-1/2

[Event "CEDIS Festival saha 2025 - 1. turnir"]
[Site "Podgorica"]
[Date "2025.03.29"]
[Round "2.4"]
[White "Jovanovic, Luka"]
[Black "Bujisic, Milos"]
[Result "0-1"]
[WhiteElo "1691"]
[BlackElo "1974"]
[PlyCount "96"]
[EventDate "2025.03.28"]
[EventType "swiss"]
[EventRounds "5"]
[EventCountry "MNE"]
[SourceDate "2025.03.29"]

1. Nf3 d6 2. g3 e5 3. d3 f5 4. Bg2 Nc6 5. O-O Be6 6. Ng5 Qd7 7. Nxe6 Qxe6 8. c4
Nf6 9. Nc3 a6 10. Nd5 Qd7 11. e3 Be7 12. b4 O-O 13. b5 axb5 14. cxb5 Na5 15. b6
Nxd5 16. Bxd5+ Kh8 17. bxc7 Qxc7 18. Bd2 Qc5 19. Bg2 d5 20. Rb1 Nc6 21. Qb3 e4
22. Rfc1 Qd6 23. Qxb7 Rab8 24. Qa6 Ne5 25. Qxd6 Bxd6 26. dxe4 dxe4 27. Bc3 Nd3
28. Rxb8 Rxb8 29. Rc2 Kg8 30. Bf1 Rc8 31. a4 Bb4 32. Bxb4 Rxc2 33. Bxd3 exd3
34. Kf1 Ra2 35. a5 Kf7 36. Ke1 Ke6 37. a6 Kd5 38. f3 Rxa6 39. Bf8 g6 40. h4 Kc4
41. Bg7 Ra2 42. Bd4 Rg2 43. g4 fxg4 44. fxg4 Rxg4 45. Bf6 Rg2 46. Bd4 Rh2 47.
Bf6 d2+ 48. Kd1 Kd3 0-1

[Event "CEDIS Festival saha 2025 - 1. turnir"]
[Site "Podgorica"]
[Date "2025.03.29"]
[Round "2.5"]
[White "Koprivica, Andrija"]
[Black "Abramovic, Dragoljub"]
[Result "1/2-1/2"]
[WhiteElo "1694"]
[BlackElo "2001"]
[PlyCount "109"]
[EventDate "2025.03.28"]
[EventType "swiss"]
[EventRounds "5"]
[EventCountry "MNE"]
[SourceDate "2025.03.29"]

1. e4 c6 2. d4 d5 3. exd5 cxd5 4. Nf3 Bg4 5. Be3 Nc6 6. c3 e6 7. Nbd2 Bd6 8. h3
Bh5 9. Be2 Nge7 10. Ne5 Nxe5 11. Bxh5 Nd3+ 12. Ke2 Nxb2 13. Qb3 Qb6 14. Rhb1
Qa6+ 15. Ke1 Nd3+ 16. Kd1 Nf4 17. Bxf4 Bxf4 18. Qxb7 Qxb7 19. Rxb7 g6 20. Be2
Bxd2 21. Kxd2 Nf5 22. Bb5+ Kf8 23. Bd3 Kg7 24. Bxf5 gxf5 25. Rab1 Kf6 26. Rc7
Rhb8 27. Rxb8 Rxb8 28. Kc2 a6 29. a4 h5 30. Rc6 Ra8 31. h4 f4 32. Kd3 Rg8 33.
Rxa6 Rxg2 34. Ke2 Kf5 35. Ra7 f6 36. Rf7 Rg1 37. Rh7 Ra1 38. Kf3 Rxa4 39. Rxh5+
Kg6 40. Rh8 Rc4 41. Kxf4 Rxc3 42. h5+ Kg7 43. Re8 Kf7 44. Ra8 Rd3 45. Ra7+ Kg8
46. Ra4 Kg7 47. f3 Rxd4+ 48. Rxd4 e5+ 49. Kg3 exd4 50. Kf2 Kh6 51. Ke2 Kxh5 52.
Kd3 Kg5 53. Kxd4 Kf4 54. Kxd5 Kxf3 55. Ke6 1/2-1/2

[Event "CEDIS Festival saha 2025 - 1. turnir"]
[Site "Podgorica"]
[Date "2025.03.29"]
[Round "2.6"]
[White "Djendjinovic, Danilo"]
[Black "Dedic, Slavko"]
[Result "0-1"]
[WhiteElo "1620"]
[BlackElo "1884"]
[PlyCount "48"]
[EventDate "2025.03.28"]
[EventType "swiss"]
[EventRounds "5"]
[EventCountry "MNE"]
[SourceDate "2025.03.29"]

1. d4 c5 2. d5 e6 3. c4 exd5 4. cxd5 Nf6 5. Nc3 d6 6. e4 Qa5 7. Bd2 Be7 8. Bc4
a6 9. a4 O-O 10. Nf3 Bg4 11. O-O Nbd7 12. b3 Ne5 13. Be2 Nxf3+ 14. Bxf3 Bxf3
15. Qxf3 Rfe8 16. Qd3 Qb6 17. Rfe1 Nd7 18. f4 c4+ 19. Qe3 Qxe3+ 20. Rxe3 Bf6
21. Re2 cxb3 22. Rb1 Nc5 23. e5 dxe5 24. Rbe1 Nd3 0-1

[Event "CEDIS Festival saha 2025 - 1. turnir"]
[Site "Podgorica"]
[Date "2025.03.29"]
[Round "2.7"]
[White "Peric, Toman"]
[Black "Dzeverdanovic, Damjan"]
[Result "0-1"]
[WhiteElo "1609"]
[BlackElo "1818"]
[PlyCount "102"]
[EventDate "2025.03.28"]
[EventType "swiss"]
[EventRounds "5"]
[EventCountry "MNE"]
[SourceDate "2025.03.29"]

1. e4 c6 2. Nf3 d5 3. exd5 cxd5 4. d4 Nf6 5. c4 Nc6 6. Nc3 a6 7. Be2 g6 8. O-O
Bg7 9. Be3 O-O 10. Qd2 Bf5 11. a3 Ne4 12. Qd1 e6 13. h3 h5 14. cxd5 exd5 15.
Qb3 b5 16. Rfd1 Na5 17. Qb4 Nc4 18. Bf4 Re8 19. Bf1 Rc8 20. Bxc4 Rxc4 21. Qb3
f6 22. Be3 g5 23. Nxe4 Bxe4 24. Nd2 Bc2 25. Qa2 Bxd1 26. Nxc4 dxc4 27. Rxd1 f5
28. d5 f4 29. Bc5 Re5 30. Qb1 Rxd5 31. Rxd5 Qxd5 32. Be7 Qd3 33. Qe1 Qg6 34.
Qd2 Kh7 35. Qe2 g4 36. hxg4 hxg4 37. Bh4 g3 38. fxg3 fxg3 39. Kf1 Qb1+ 40. Qe1
Qxe1+ 41. Kxe1 Bxb2 42. Bxg3 Bxa3 43. Kd1 b4 44. Be1 a5 45. Kc2 b3+ 46. Kb1 Bb4
47. Bf2 a4 48. Bd4 c3 49. Ka1 a3 50. Be3 c2 51. Bd2 Bc3+ 0-1

[Event "CEDIS Festival saha 2025 - 1. turnir"]
[Site "Podgorica"]
[Date "2025.03.29"]
[Round "2.8"]
[White "Stankovic, Petar"]
[Black "Vesovic, Nebojsa"]
[Result "0-1"]
[WhiteElo "1536"]
[BlackElo "1812"]
[PlyCount "74"]
[EventDate "2025.03.28"]
[EventType "swiss"]
[EventRounds "5"]
[EventCountry "MNE"]
[SourceDate "2025.03.29"]

1. e4 d6 2. d4 g6 3. Nc3 Bg7 4. Nf3 Nf6 5. Bg5 h6 6. Bxf6 Bxf6 7. e5 Bg7 8. Bc4
e6 9. Qe2 d5 10. Bd3 a6 11. h4 Qe7 12. g4 Bd7 13. Nd1 c5 14. Ne3 Nc6 15. c3
cxd4 16. cxd4 Qb4+ 17. Qd2 Bf8 18. Nc2 Qxb2 19. O-O Qb6 20. Rfb1 Qa7 21. Rb2
Be7 22. Rab1 b5 23. g5 h5 24. Qe3 Rc8 25. Nfe1 Na5 26. Ng2 Nc4 27. Bxc4 dxc4
28. a4 Qb7 29. axb5 axb5 30. Nf4 O-O 31. Qe2 Kg7 32. Kh2 Qc7 33. Rg1 c3 34.
Nxh5+ gxh5 35. g6 f6 36. Rbb1 fxe5 37. dxe5 Rf4 0-1

[Event "CEDIS Festival saha 2025 - 1. turnir"]
[Site "Podgorica"]
[Date "2025.03.29"]
[Round "2.9"]
[White "Sorochenkov, Alexander"]
[Black "Pavlovic, David"]
[Result "1/2-1/2"]
[WhiteElo "1435"]
[BlackElo "1630"]
[PlyCount "52"]
[EventDate "2025.03.28"]
[EventType "swiss"]
[EventRounds "5"]
[EventCountry "MNE"]
[SourceDate "2025.03.29"]

1. e4 e5 2. Nf3 Nc6 3. Bc4 Bc5 4. c3 Nf6 5. d3 d6 6. Nbd2 h6 7. b4 Bb6 8. a4 a6
9. O-O O-O 10. Re1 Bd7 11. Nf1 Ne7 12. Ng3 Ng6 13. Bd2 Re8 14. Qc1 Be6 15. Bxe6
fxe6 16. d4 Qd7 17. Rd1 Qf7 18. dxe5 Nxe5 19. Nxe5 dxe5 20. Be3 Rad8 21. Bxb6
cxb6 22. Qe3 Qc7 23. h3 Rxd1+ 24. Rxd1 Rd8 25. Rxd8+ Qxd8 26. Qe2 Qd7 1/2-1/2

[Event "CEDIS Festival saha 2025 - 1. turnir"]
[Site "Podgorica"]
[Date "2025.03.29"]
[Round "2.10"]
[White "Sorochenkova, Margarita"]
[Black "Stanic, Stefan"]
[Result "1-0"]
[WhiteElo "1648"]
[BlackElo "1471"]
[PlyCount "53"]
[EventDate "2025.03.28"]
[EventType "swiss"]
[EventRounds "5"]
[EventCountry "MNE"]
[SourceDate "2025.03.29"]

1. e4 c6 2. d4 d5 3. Nc3 dxe4 4. Nxe4 Bf5 5. Ng3 Bg6 6. h4 h6 7. h5 Bh7 8. Nf3
Nf6 9. Bd3 Bxd3 10. Qxd3 e6 11. Bd2 Bd6 12. Ne4 Nxe4 13. Qxe4 O-O 14. O-O-O Nd7
15. g4 Nf6 16. Qe2 Nh7 17. Rhg1 Re8 18. g5 hxg5 19. Nxg5 Nxg5 20. Bxg5 f6 21.
Bh6 Re7 22. Bxg7 Bf4+ 23. Kb1 Rxg7 24. Qxe6+ Kh8 25. Rxg7 Kxg7 26. Rg1+ Kh6 27.
Rg6+ 1-0

[Event "CEDIS Festival saha 2025 - 1. turnir"]
[Site "Podgorica"]
[Date "2025.03.29"]
[Round "3.1"]
[White "Bujisic, Milos"]
[Black "Zizic, Djordje"]
[Result "0-1"]
[WhiteElo "1974"]
[BlackElo "2023"]
[PlyCount "92"]
[EventDate "2025.03.28"]
[EventType "swiss"]
[EventRounds "5"]
[EventCountry "MNE"]
[SourceDate "2025.03.29"]

1. e4 c5 2. Nc3 d6 3. h3 Nf6 4. f4 Nc6 5. Nf3 g6 6. Bc4 Bg7 7. e5 dxe5 8. fxe5
Ng8 9. O-O Bxe5 10. Bxf7+ Kd7 11. d4 Bxd4+ 12. Nxd4 cxd4 13. Bf4 Nf6 14. Qe2
Qb6 15. Nd5 Nxd5 16. Qe6+ Kd8 17. Qxd5+ Bd7 18. Be6 d3+ 19. Kh1 Qd4 20. Qxd4
Nxd4 21. Bxd7 Kxd7 22. Be5 Nxc2 23. Rad1 Rhd8 24. Rxd3+ Ke6 25. Rc3 Nb4 26. Re1
Nd3 27. Bc7+ Nxe1 28. Bxd8 Rxd8 29. Re3+ Kf6 30. Rxe1 Rd2 31. Rf1+ Ke5 32. Re1+
Kd6 33. Rb1 e5 34. Kg1 e4 35. Kf1 Kd5 36. a3 Kd4 37. b4 e3 38. b5 Rf2+ 39. Kg1
Rf5 40. g4 Rf6 41. Rf1 Rxf1+ 42. Kxf1 g5 43. Ke2 Ke4 44. a4 b6 45. Kf1 Kf3 46.
Ke1 e2 0-1

[Event "CEDIS Festival saha 2025 - 1. turnir"]
[Site "Podgorica"]
[Date "2025.03.29"]
[Round "3.2"]
[White "Dedic, Slavko"]
[Black "Djukanovic, Sreten"]
[Result "0-1"]
[WhiteElo "1884"]
[BlackElo "2106"]
[PlyCount "78"]
[EventDate "2025.03.28"]
[EventType "swiss"]
[EventRounds "5"]
[EventCountry "MNE"]
[SourceDate "2025.03.29"]

1. e4 c5 2. Nf3 d6 3. d4 cxd4 4. Nxd4 Nf6 5. Nc3 a6 6. Be2 e5 7. Nf3 Be7 8. h3
O-O 9. O-O b5 10. a3 Bb7 11. Bd3 Nbd7 12. Be3 Rc8 13. Qe2 Nb6 14. Bxb6 Qxb6 15.
Rfe1 Rfe8 16. Rab1 Bd8 17. Ra1 Qa7 18. Rf1 Nh5 19. Qd2 Nf4 20. Bxb5 axb5 21.
Nxb5 Qa6 22. Nxd6 Ba5 23. b4 Red8 24. bxa5 Rxd6 25. Qb4 Rc4 26. Qb3 Rc3 27. Qa4
Rc8 28. Rab1 Ne2+ 29. Kh1 Nc3 30. Qb4 Nxb1 31. Rxb1 Ba8 32. Nxe5 Re6 33. Nd3
Rxe4 34. Qb8 Qc6 35. Qb6 Qd7 36. Nc5 Rxc5 37. Qxc5 Re1+ 38. Rxe1 Qxh3+ 39. Kg1
Qxg2# 0-1

[Event "CEDIS Festival saha 2025 - 1. turnir"]
[Site "Podgorica"]
[Date "2025.03.29"]
[Round "3.3"]
[White "Dzeverdanovic, Damjan"]
[Black "Felde, Bence"]
[Result "0-1"]
[WhiteElo "1818"]
[BlackElo "1992"]
[PlyCount "120"]
[EventDate "2025.03.28"]
[EventType "swiss"]
[EventRounds "5"]
[EventCountry "MNE"]
[SourceDate "2025.03.29"]

1. e4 e6 2. d4 d5 3. exd5 exd5 4. Nc3 c6 5. Bd3 Bd6 6. Nge2 Qc7 7. h3 Ne7 8.
Bg5 f6 9. Bh4 Nf5 10. Bxf5 Bxf5 11. Bg3 O-O 12. Bxd6 Qxd6 13. Qd2 b5 14. O-O-O
Nd7 15. g4 Bg6 16. Nf4 Nb6 17. Nxg6 hxg6 18. Ne2 Nc4 19. Qc3 a5 20. Qg3 Rfe8
21. Qxd6 Nxd6 22. Ng3 Ne4 23. Nxe4 Rxe4 24. Rhe1 Rae8 25. Rxe4 Rxe4 26. c3 Rf4
27. Rf1 Rf3 28. Kc2 Rxh3 29. Kb3 Kf7 30. a4 b4 31. f3 Rh8 32. cxb4 Rb8 33. Kc3
Rxb4 34. b3 Ke7 35. Rh1 Rb8 36. f4 Kd6 37. Rh7 Rb7 38. Rh8 Kc7 39. Re8 Kb6 40.
Re6 Rb8 41. g5 Rf8 42. b4 fxg5 43. bxa5+ Kxa5 44. fxg5 Rf3+ 45. Kd2 Kxa4 46.
Rxc6 Kb4 47. Rxg6 Kc4 48. Ke2 Rf7 49. Ke3 Re7+ 50. Kf4 Kxd4 51. Kf5 Ke3 52.
Re6+ Rxe6 53. Kxe6 d4 54. Kf7 d3 55. Kxg7 d2 56. g6 d1=Q 57. Kh8 Qh5+ 58. Kg7
Kf4 59. Kf6 Qf5+ 60. Kg7 Kg5 0-1

[Event "CEDIS Festival saha 2025 - 1. turnir"]
[Site "Podgorica"]
[Date "2025.03.29"]
[Round "3.4"]
[White "Vesovic, Nebojsa"]
[Black "Sijaric, Alvir"]
[Result "0-1"]
[WhiteElo "1812"]
[BlackElo "1971"]
[PlyCount "74"]
[EventDate "2025.03.28"]
[EventType "swiss"]
[EventRounds "5"]
[EventCountry "MNE"]
[SourceDate "2025.03.29"]

1. Nf3 Nf6 2. d4 d5 3. g3 Bf5 4. Bg2 e6 5. O-O Be7 6. c4 c6 7. cxd5 exd5 8. Nc3
h6 9. h3 Bh7 10. a3 O-O 11. Bf4 Nbd7 12. g4 Ne4 13. Ne5 f5 14. Nxd7 Qxd7 15. f3
Nd6 16. e3 Rae8 17. b3 Bf6 18. Qd2 Rf7 19. a4 Rfe7 20. Rae1 g5 21. Bg3 Re6 22.
f4 gxf4 23. Bxf4 fxg4 24. hxg4 Qg7 25. Bf3 Nf7 26. Qg2 Bxd4 27. Nd1 Ng5 28. Be2
Be5 29. Rf2 Be4 30. Qg3 Bc2 31. Rh2 Bxd1 32. Bxd1 Bxf4 33. Qxf4 d4 34. Bc2 Rxe3
35. Rxe3 dxe3 36. Qc4+ Qf7 37. Qe2 Nf3+ 0-1

[Event "CEDIS Festival saha 2025 - 1. turnir"]
[Site "Podgorica"]
[Date "2025.03.29"]
[Round "3.5"]
[White "Lakusic, Zoran"]
[Black "Koprivica, Andrija"]
[Result "1/2-1/2"]
[WhiteElo "1737"]
[BlackElo "1694"]
[PlyCount "120"]
[EventDate "2025.03.28"]
[EventType "swiss"]
[EventRounds "5"]
[EventCountry "MNE"]
[SourceDate "2025.03.29"]

1. Nf3 Nf6 2. c4 e6 3. Nc3 c6 4. e4 d5 5. e5 Ne4 6. d4 Nxc3 7. bxc3 Be7 8. Bd3
Nd7 9. a4 dxc4 10. Bxc4 Qa5 11. Bd2 c5 12. O-O cxd4 13. cxd4 Bb4 14. Bxb4 Qxb4
15. Qd3 h6 16. Nh4 Nb6 17. Bb5+ Bd7 18. Bxd7+ Nxd7 19. Rfb1 Qe7 20. Qg3 g5 21.
Nf3 Nb6 22. Nd2 Nd5 23. Ne4 O-O 24. h4 f5 25. exf6 Nxf6 26. Nxf6+ Qxf6 27. hxg5
Qxg5 28. Qxg5+ hxg5 29. Rxb7 Rf7 30. Rab1 Raf8 31. Rxf7 Rxf7 32. Re1 Rf6 33.
Re5 Rg6 34. Ra5 Rg7 35. f3 Kh7 36. Kf2 Kg6 37. g4 Kf6 38. Ke3 Rd7 39. Ke4 Rc7
40. Ra6 Rd7 41. a5 Kf7 42. Rc6 Kf6 43. Rc5 Rd6 44. d5 Ra6 45. Rc6 Rxa5 46.
Rxe6+ Kf7 47. Re5 Ra4+ 48. Kf5 Rf4+ 49. Kxg5 Rxf3 50. Rf5+ Rxf5+ 51. gxf5 a5
52. d6 a4 53. f6 Ke6 54. Kg6 a3 55. f7 a2 56. f8=Q a1=Q 57. Qe7+ Kd5 58. d7
Qb1+ 59. Kf7 Qh7+ 60. Ke8 Qg8+ 1/2-1/2

[Event "CEDIS Festival saha 2025 - 1. turnir"]
[Site "Podgorica"]
[Date "2025.03.29"]
[Round "3.6"]
[White "Abramovic, Dragoljub"]
[Black "Sorochenkov, Alexander"]
[Result "1-0"]
[WhiteElo "2001"]
[BlackElo "1435"]
[PlyCount "75"]
[EventDate "2025.03.28"]
[EventType "swiss"]
[EventRounds "5"]
[EventCountry "MNE"]
[SourceDate "2025.03.29"]

1. d4 Nf6 2. Bg5 h6 3. Bxf6 exf6 4. e3 d5 5. g3 Bf5 6. Bg2 c6 7. Nd2 Bd6 8. Ne2
Nd7 9. O-O O-O 10. b3 Re8 11. c4 dxc4 12. bxc4 Bb4 13. a3 Bxd2 14. Qxd2 Nb6 15.
Rfc1 Be6 16. Qb4 Rb8 17. Nf4 Bxc4 18. Rxc4 Nxc4 19. Qxc4 Qb6 20. Nd3 Rbd8 21.
a4 a5 22. Rc1 Ra8 23. Bf3 Qa6 24. Qb3 Rab8 25. Nc5 Qa7 26. Nd7 Rbd8 27. Nb6 Qa6
28. Kg2 Qa7 29. Rc5 Qa6 30. Nc4 Qa7 31. Rxa5 Qb8 32. Rc5 Re7 33. Qb6 Red7 34.
a5 Qc7 35. Qxc7 Rxc7 36. d5 Rdc8 37. d6 Rd7 38. Bg4 1-0

[Event "CEDIS Festival saha 2025 - 1. turnir"]
[Site "Podgorica"]
[Date "2025.03.29"]
[Round "3.8"]
[White "Mitrovic, Danilo"]
[Black "Jovanovic, Luka"]
[Result "0-1"]
[WhiteElo "1593"]
[BlackElo "1691"]
[PlyCount "135"]
[EventDate "2025.03.28"]
[EventType "swiss"]
[EventRounds "5"]
[EventCountry "MNE"]
[SourceDate "2025.03.29"]

1. d4 d5 2. Bf4 Nf6 3. e3 a6 4. Nf3 h6 5. Nbd2 Bf5 6. c4 e6 7. Qb3 Qc8 8. Ne5
Bd6 9. Qa4+ Nbd7 10. c5 Bxe5 11. Bxe5 O-O 12. Bf4 Nh5 13. Bg3 Nxg3 14. hxg3 c6
15. b4 f6 16. Be2 e5 17. Nf3 Bh7 18. Qb3 Qc7 19. a4 Rfe8 20. O-O Nf8 21. b5 Ne6
22. b6 Qb8 23. Rfe1 e4 24. Nh2 f5 25. a5 Re7 26. Bh5 g6 27. Be2 g5 28. Nf1 f4
29. Bg4 Ng7 30. gxf4 gxf4 31. exf4 Qxf4 32. Qg3 Rf8 33. Qxf4 Rxf4 34. Bh3 Bf5
35. Re3 Bxh3 36. Rxh3 Ref7 37. Ra2 Kh7 38. Ne3 Ne6 39. Rd2 Ng5 40. Rg3 Rg7 41.
Kf1 h5 42. Ke2 h4 43. Rxg5 Rxg5 44. Rd1 Kg6 45. Rh1 Rh5 46. f3 exf3+ 47. gxf3
Rxd4 48. Rg1+ Rg5 49. Ng4 Rgxg4 50. fxg4 Kg5 51. Rf1 Rf4 52. Rh1 Rxg4 53. Kf3
Rg3+ 54. Kf2 Kg4 55. Re1 Rf3+ 56. Kg2 h3+ 57. Kh2 Rf2+ 58. Kh1 Kg3 59. Re3+ Rf3
60. Re1 h2 61. Re3 Kf2 62. Re8 Rf7 63. Rh8 d4 64. Rxh2+ Ke1 65. Rh6 d3 66. Re6+
Kd2 67. Re8 Kc2 68. Kg2 0-1

[Event "CEDIS Festival saha 2025 - 1. turnir"]
[Site "Podgorica"]
[Date "2025.03.29"]
[Round "3.9"]
[White "Markovic, Janko"]
[Black "Sorochenkova, Margarita"]
[Result "0-1"]
[WhiteElo "1496"]
[BlackElo "1648"]
[PlyCount "36"]
[EventDate "2025.03.28"]
[EventType "swiss"]
[EventRounds "5"]
[EventCountry "MNE"]
[SourceDate "2025.03.29"]

1. e4 e5 2. Nf3 Nc6 3. Bc4 Nf6 4. d3 Bc5 5. O-O d6 6. c3 h6 7. d4 Bb6 8. Re1
Bg4 9. Na3 exd4 10. Nb5 Ne5 11. Bb3 dxc3 12. Nxc3 O-O 13. h3 Nxf3+ 14. gxf3
Bxh3 15. Bf4 Nh5 16. Bh2 Qg5+ 17. Bg3 Qxg3+ 18. Kh1 Qg2# 0-1